000 01780 a2200433 4500
001 22897008
003 0199050
005 20251011160913.0
008 221209s2023 enk b 001 0 eng
010 _a 2022059371
020 _a9781032360546
020 _a9781032360553
020 _z9781003330066
020 _z9781000868609
020 _z9781000868623
035 _a22897008
040 _aDLC
_beng
_erda
_cDLC
_dDLC
042 _apcc
043 _an-us---
050 0 0 _aJZ 5587
_b.P34 2023
082 0 0 _a338.1/873
_223/eng/20230327
100 1 _aPahnke, Anthony,
_eauthor.
245 1 0 _aAgrarian crisis in the United States :
_bpathways for reform /
_cAnthony Pahnke.
263 _a2304
264 1 _aAbingdon, Oxon ;
_aNew York, NY :
_bRoutledge,
_c2023.
300 _axv, 135p.:
_bill, charts
336 _atext
_btxt
_2rdacontent
337 _aunmediated
_bn
_2rdamedia
338 _avolume
_bnc
_2rdacarrier
504 _aIncludes bibliographical references and index.
505 0 _aIntroduction: The Nature of Crisis in the US Agrarian System -- The Crisis Tendency in Land Policy -- The Crisis Tendency in Labor Policy -- The Crisis Tendency in Market Policy -- The Crisis Tendency in Environmental Policy -- Conclusion: Pathways for Reform.
520 _cProvided by publisher.
650 0 _aAgriculture and state
_zUnited States
_xHistory
_y21st century.
650 0 _aAgriculture
_xEconomic aspects
_zUnited States
_xHistory
_y21st century.
776 0 8 _iOnline version:
_aPahnke, Anthony.
_tAgrarian crisis in the United States
_dAbingdon, Oxon ; New York, NY : Routledge, 2023
_z9781003330066
_w(DLC) 2022059372
906 _a7
_bcbc
_corignew
_d1
_eecip
_f20
_gy-gencatlg
942 _2lcc
_cBK
999 _c43703
_d43703